000 00722cam a22002417a 4500
005 20220329141313.0
008 971010s r 00010 d
010 _a66108
011 _a67080
035 _a76294
090 _aR-115
100 0 0 _aMayr, Ernest.
_9175410
245 1 4 _aThe origin of adaptations
500 _a1992-1125
500 _aSobretiro de : Evolution 19: 134-136, 1965
590 _aBATCH-UPD
_b10
_c20130110
_lUCH01
_h1206
590 _aBATCH-UPD
_b10
_c20130410
_lUCH01
_h0747
590 _aBATCH-UPD
_b10
_c20130913
_lUCH01
_h1931
590 _aCONVERSION
_b10
_c20130109
_lUCH01
_h1336
650 1 4 _aAdaptación (Biología)
_9879
901 _aBK
949 _aR-115
_bZA
_cLIBRO
_d-9315
_eTS1
_i76294
_si
999 _c66108
_d66108